000 00463nam a2200157Ia 4500
008 230917s9999||||xx |||||||||||||| ||und||
020 _cRS15
040 _e186876
_aMAIN
041 _aEnglish
082 _a301.426 G51G
100 _aIndia, Ministry of Health and Family Welfare
245 0 _aGlobal adult tobaco survey: India 2009-2010
260 _aMumbai
_bInternational Institute for Population Sciences
_c2010
300 _axxxviii, 289 p.
942 _cBK
999 _c133914
_d133914